Statistics for The least favorite country - A

Click here to take the quiz!

General Stats

  • This quiz has been taken 21 times
    (16 since last reset)
  • The average score is 8 of 11

Answer Stats

countryleast favorite% Correct
AfghanistanIran
100%
AzerbaijanRussia
94%
AndorraSpain
88%
ArmeniaAzerbaijan
88%
ArgentinaChile
81%
AlbaniaItaly
75%
Antigua and BarbudaCuba
75%
AustraliaUnited Kingdom
69%
AlgeriaTunisia
63%
AngolaNamibia
56%
AustriaCzech Republic
44%

Score Distribution

Percentile by Number Answered

Percent of People with Each Score

Your Score History

You have not taken this quiz since the last reset